000 00726nab a2200229 a 4500
005 20210223132349.0
008 991125s1985 mx 000 0 spa u
035 _aUPN01000197395
049 _aART
100 1 _aGarcía Campos, Jonatan
_932837
100 1 _uyosjgc@lycos.com
222 _aIZTAPALAPA :
_bREVISTA DE CIENCIAS SOCIALES Y HUMANIDADES
245 _aEn torno a la tesis de las creencias básicas
260 _aMéxico
300 _a67-84
362 0 _a2003 Año 24, no. 54, ene.-jun.
653 0 _aEPISTEMOLOGIA
653 0 _aFUNDAMENTALISMO
653 0 _aRACIONALIDAD
856 _uhttp://tesiuami.uam.mx/revistasuam/iztapalapa/include/getdoc.php?id=1446&article=1473&mode=pdf
905 _aArticulo
999 _c169496
_d169496